Statistics for Analogies #4

Click here to take the quiz!

General Stats

  • This quiz has been taken 40,042 times
    (1,627 since last reset)
  • The average score is 17 of 20

Answer Stats

This is to this ...As ...% Correct
32 is to Teeth206 is to {Bones}
97%
Hand is to Human{Paw} is to Cat
96%
Snow is to FlakeRain is to {Drop}
95%
Solar is to Sun{Lunar} is to Moon
94%
Professor is to UniversityAcrobat is to {Circus}
91%
Belle is to Beauty & the BeastAriel is to {The} {Little} {Mermaid}
91%
Beef is to CowCalamari is to {Squid}
90%
Bovine is to Cow{Canine} is to Dog
90%
125 is to CXXV37 is to {XXXVII}
90%
Au is to GoldPb is to {Lead}
86%
Jupiter is to Rome{Zeus} is to Greece
83%
Pride is to LionMurder is to {Crow}
83%
Halal is to Islam{Kosher} is to Judaism
82%
1357 is to ACEG2468 is to {BDFH}
80%
Sanskrit is to Hinduism{Arabic} is to Islam
77%
Eddie Vedder is to Pearl JamSting is to {The} {Police}
77%
Bowser is to Mario{Voldemort} is to Harry Potter
73%
Easy is to OrleansApple is to {York}
71%
Apprentice is to MasterSquire is to {Knight}
69%
Solomon is to Proverbs{David} is to Psalms
59%

Score Distribution

Percentile by Number Answered

Percent of People with Each Score

Your Score History

You have not taken this quiz since the last reset